| 000 | 00912nam a22002177a 4500 | ||
|---|---|---|---|
| 999 |
_c13840 _d13840 |
||
| 003 | AR-CdUCM | ||
| 008 | 190416b ||||| |||| 00| 0 spa d | ||
| 040 |
_aMUNICIPALIDAD PROVINCIAL DEL CUSCO _cBIBLIOTECA MUNICIPAL DEL CUSCO |
||
| 082 |
_216ed. _a530.7 / _bV63 |
||
| 100 |
_aVidal, Jorge _920980 |
||
| 245 |
_aCurso de Física : _bÓptica - Magnetismo - Electricidad / |
||
| 260 |
_aBuenos Aires : _bStella, _c1984. |
||
| 300 |
_aXIV, 441 páginas ; _bilustraciones, figuras, _c22 cm. |
||
| 500 | _aSegunda parte: Óptica - Magnetismo - Electricidad. | ||
| 505 | _aContenido: Propagación de la luz, fotometría -- Reflexión de la luz, espejos -- Refracción de la luz, lentes -- Dispersión y cromatismo -- Papel óptico del ojo -- Aparatos de óptica ... | ||
| 650 |
_aFísica _92382 |
||
| 650 |
_aTextos escolares _94527 |
||
| 650 |
_aArgentina _9511 |
||
| 942 |
_2ddc _cLIBROS |
||
| 945 |
_aachl _d2019-04-16 |
||